Statistics for European Countries - Old Map

Click here to take the quiz!

General Stats

  • This quiz has been taken 87 times
  • The average score is 9 of 9

Answer Stats

Answer% Correct
France
100%
Turkey
100%
Finland
99%
Norway
99%
Poland
99%
Russia
99%
Romania
95%
UK
94%
Belgium
93%

Score Distribution

Percentile by Number Answered

Percent of People with Each Score

Your Score History

You have not taken this quiz